Hiéroglyphes : bilitères 4/8 - Statistiques

Statistiques générales
  • Ce quiz a été pris 32 fois
    23 depuis la dernière actualisation
  • Le résultat moyen est 7 sur 15
Statistiques - réponses
Par images Réponse % Correct
dsouligned (d̲d)
75%
km
75%
t3
75%
tp
75%
dj
50%
dsouligner (d̲r)
50%
dsoulignew (d̲w)
50%
gm
50%
hpointr (ḥr)
50%
tsouligne3 (ṯ3)
50%
hpointm (ḥm)
25%
hpointn (ḥn)
25%
hpoints (ḥs)
25%
hrond3 (ḫ3)
25%
scarons (šs)
25%
Aucun quiz correspondant
Distribution des résultats
% des personnes avec chaque résultat
Percentile par nombre de réponses
Votre historique - résultats
Vous n’avez pas pris ce quiz depuis la dernière actualisation